Love Island international-Part 1-Anglosphere - Statistics

General Stats
  • This quiz has been taken 25 times
    11 since last reset
  • The average score is 182 of 496
Answer Stats
Hint Answer % Correct
UK8 Andrew Le Page
100%
UK8 Gemma Owen
100%
UK2 Kady Mcdermott
100%
UK8 Luca Bish
100%
UK5 Molly-Mae Hague
100%
UK5 Tommy Fury
100%
UK4 | UK8 Adam Collard
75%
UK8 Afia Tonkmor
75%
UK5 Amber Gill
75%
UK8 Antigoni Buxton
75%
UK5 Anton Danyluk
75%
UK5 Arabella Chi
75%
UK8 Billy Brown
75%
UK6 Callum Jones
75%
AU1 Charlie Taylor
75%
UK3 Chris Hughes
75%
UK5 Chris Taylor
75%
UK8 Chyna Mills
75%
UK8 Dami Hope
75%
UK8 Danica Taylor
75%
UK4 Dani Dyer
75%
UK8 Davide Sanclimenti
75%
UK6 Demi Jones
75%
UK4 Ellie Brown
75%
UK4 Ellie Jones
75%
UK6 Eve Gale
75%
UK4 Georgia Steel
75%
UK5 India Reynolds
75%
UK8 Indiyah Polack
75%
UK4 Jack Fowler
75%
UK6 Jessica Gale
75%
AU2 | UK9 Jessie Wynter
75%
US3 Kay Taylor
75%
UK7 Kaz Kamwi
75%
UK3 Kem Cetinay
75%
UK9 Lana Jenkins
75%
UK7 Liberty Poole
75%
UK6 Luke Trotman
75%
AU2 Margarita Smith
75%
UK5 Maura Higgins
75%
UK4 Megan Barton Hanson
75%
UK6 Molly Smith
75%
UK3 Montana Brown
75%
UK3 Olivia Atwood
75%
UK2 Scott Thomas
75%
UK6 Siannise Fudge
75%
UK9 Tom Clare
75%
UK4 Zara McDermott
75%
UK1 Zoe Basia Brown
75%
UK7 Aaron Francis
50%
US2 Aaron Owen
50%
AU3 Aisha Campbell
50%
UK7 AJ Bunker
50%
US1 Alana Morrison
50%
UK2 Alex Bowen
50%
UK4 Alex George
50%
UK8 Amber Beckford
50%
UK3 Amber Davies
50%
UK7 Amy Day
50%
UK5 Amy Hart
50%
UK5 Anna Vakili
50%
UK5 Belle Hassan
50%
UK1 Bethany Rogers
50%
UK6 Biggs Chris
50%
UK3 Camilla Thurlow
50%
US2 Carrington Rodriguez
50%
US1 Cashel Barnett
50%
US2 Cely Vasquez
50%
UK4 Charlie Brake
50%
UK8 Charlie Radnedge
50%
UK4 Charlie Williams
50%
UK7 Chloe Burrows
50%
UK9 Claudia Fogarty
50%
UK8 Coco Lodge
50%
US1 Cormac Murphy
50%
UK5 Curtis Pritchard
50%
UK5 Danny Williams
50%
UK3 Dom Lever
50%
AU1 Dom Thomas
50%
AU1 Eden Dally
50%
UK8 Ekin-Su Culculoglu
50%
UK3 Elisha-Jade White
50%
UK5 Elma Pazar
50%
AU2 Eoghan Murphy
50%
US1 Eric Hall
50%
AU1 Erin Barnett
50%
UK4 Eyal Booker
50%
UK7 Faye Winter
50%
US4 Felipe Gomes
50%
UK6 Finley Tapp
50%
UK5 Francesca Allen
50%
AU1 Francoise Draschler
50%
UK4 Frankie Foster
50%
UK3 Gabby Allen
50%
UK6 George Day
50%
UK3 Georgia Harrison
50%
UK5 Greg O'Shea
50%
UK9 Haris Namani
50%
UK5 Harley Brash
50%
UK7 Harry Young
50%
UK4 Hayley Hughes
50%
UK7 Hugo Hammond
50%
UK4 Idris Virgo
50%
AU2 Isabelle Green
50%
US4 Isaiah Campbell
50%
UK4 Jack Fincham
50%
UK8 Jacques O'Neill
50%
UK7 Jake Cornish
50%
UK8 Jamie Allen
50%
UK3 Jamie Jewitt
50%
UK8 Jay Younger
50%
US2 Jeramiah White
50%
UK3 Jessica Shears
50%
UK5 Joanna Chimonides
50%
UK5 Joe Garrett
50%
US2 Johnny Lee
50%
UK3 Jonny Mitchell
50%
UK5 Jordan Hames
50%
UK4 Josh Denzel
50%
UK8 Josh Le Grove
50%
AU1 Josh Moss
50%
US2 Julia Hall
50%
UK9 Kai Fagan
50%
US2 Kaitlynn Anderson
50%
US3 Kamryn Mickens-Bennett
50%
UK4 Kaz Crossley
50%
UK4 Kendall-Rae Knight
50%
US1 Kyra Green
50%
UK4 Laura Anderson
50%
UK5 Lavena Back
50%
UK8 Liam Llewellyn
50%
UK7 Liam Reardon
50%
UK7 Lillie Haynes
50%
UK5 Lucie Donlan
50%
UK1 Luis Morrison
50%
UK6 Luke Mabbott
50%
UK3 Marcel Somerville
50%
UK5 Marvin Brooks
50%
UK1 Max Morley
50%
UK5 Michael Griffiths
50%
UK6 Mike Boateng
50%
UK7 Millie Court
50%
US4 Nadjha Day
50%
UK6 Natalia Zoppa
50%
UK8 Nathalia Campos
50%
UK4 Niall Aslam
50%
UK6 Ollie Williams
50%
UK5 Ovie Soko
50%
UK6 Paige Turley
50%
UK8 Reece Ford
50%
UK9 Ron Hall
50%
UK4 Rosie Williams
50%
UK2 Rykard Jenkins
50%
UK4 Sam Bird
50%
UK3 Sam Gowland
50%
UK9 Samie Elishi
50%
UK4 Samira Mighty
50%
UK7 Shannon Singh
50%
UK9 Shaq Muhammad
50%
UK5 Sherif Lanre
50%
UK8 Summer Botwe
50%
UK9 Tanya Manhenga
50%
UK7 Teddy Soares
50%
UK3 Theo Campbell
50%
UK7 Toby Aromolaran
50%
UK5 Tom Walker
50%
UK7 Tyler Cruickshank
50%
UK4 Wes Nelson
50%
UK9 Will Young
50%
UK5 Yewande Biala
50%
US4 Zeta Morrison
50%
AU2 Aaron Shaw
25%
UK7 Aaron Simpson
25%
AU3 | UK9 Aaron Waters
25%
UK7 Abigail Rawlings
25%
AU2 Adam Farrugia
25%
UK2 Adam Jukes
25%
UK2 Adam Maxted
25%
US3 Aimee Flores
25%
US1 Aissata Diallo
25%
US3 Alana Paolucci
25%
UK4 Alexandra Cane
25%
US1 Alexandra Stewart
25%
UK3 Alex Beattie
25%
UK6 Alexi Eraclides
25%
UK4 Alex Miller
25%
UK3 Amelia Peters
25%
AU1 Amelia Plummer
25%
US3 Andre Brunelli
25%
US3 Andrew Phillips
25%
US4 Andy Voyen
25%
AU2 Angel Holley
25%
UK9 Anna-May Robey
25%
AU2 Anna McEvoy
25%
US1 Anton Morrow
25%
AU3 Ari Kumar
25%
AU3 Audrey Kanongora
25%
US4 Avery Grooms
25%
US3 Bailey Marshall
25%
UK9 Bayley Mummery
25%
AU3 Ben Giobbi
25%
US2 Bennett Sipes
25%
US2 Bennie Bivens
25%
UK1 Ben Porter
25%
AU2 Bianca Furchtman
25%
AU2 Blake Williamson
25%
UK7 Brad McClelland
25%
AU3 Brent Crapp
25%
UK7 Brett Staniland
25%
US4 Bria Bryant
25%
AU3 Brianna Marchant
25%
US4 Bryce Fins
25%
US2 Caleb Corprew
25%
UK5 Callum Macleod
25%
UK1 Cally-Jane Beech
25%
US2 Calvin Cobb
25%
UK2 Cara De La Hoyde
25%
US1 Caro Viehweg
25%
AU2 Cartier Surjan
25%
UK9 Casey O'Goreman
25%
US3 Cashay Proudfoot
25%
AU1 Cassidy McGill
25%
AU2 Cassie Lansdell
25%
US4 Chad Robinson
25%
US4 Chanse Corbi
25%
UK4 Charlie Frederick
25%
US3 Charlie Lynch
25%
US4 Chazz Bryant
25%
UK6 Ched Uzor
25%
UK8 Cheyanne Kerr
25%
UK3 Chloe Crowhurst
25%
UK1 Chris Baxter
25%
AU3 Chris Graudins
25%
US1 Christen McCallister
25%
US3 Christian Longnecker
25%
UK1 Chris Williamson
25%
UK3 Chyna Ellis
25%
UK7 Clarisse Juliette
25%
UK6 Connagh Howard
25%
UK6 Connor Durman
25%
US2 Connor Trott
25%
US4 Courtney Boerner
25%
AU3 Courtney Stubb
25%
UK3 Craig Lawson
25%
UK9 Cynthia Otseh-Taiwo
25%
AU2 Cynthia Taylu
25%
UK1 Daisy Muller
25%
UK7 Dale Mehmet
25%
UK1 Danielle Pyne
25%
UK3 Danielle Sellers
25%
UK2 Daniel Lukakis
25%
UK7 Danny Bibby
25%
UK5 Dan Rose
25%
UK4 Daryll Sargeant
25%
UK9 David Salako
25%
US2 De'Andre Heath
25%
UK4 Dean Overson
25%
US4 Deborah Chubb
25%
UK8 Deji Adeniyi
25%
UK5 Dennon Lewis
25%
US1 Dylan Curry
25%
AU1 Edyn Macney
25%
AU1 Elias Chigros
25%
US1 Elizabeth Weber
25%
AU3 Eliza Kennedy
25%
UK9 Ellie Spence
25%
US3 Elly Steffen
25%
US1 Emily Salch
25%
AU3 Emily Ward
25%
UK2 Emma-Jane Woodham
25%
UK6 Eva Zapico
25%
US2 Faith Tyrell
25%
US3 Florence Mueller
25%
US3 Florita Diaz
25%
UK9 Frankie Davey
25%
US4 Gabby Kiszka
25%
US3 Gabe Sadowsky
25%
US4 Gabriella Barbaro
25%
US3 Genevieve Shawcross
25%
US1 George Johnson
25%
UK5 George Rains
25%
UK8 George Tasker
25%
UK7 Georgia Townend
25%
AU2 Gerard Majda
25%
US2 GiNielle Reitzell
25%
UK4 Grace Wardle
25%
AU1 Grant Crapp
25%
UK1 Hannah Elizabeth
25%
UK3 Harley Judge
25%
AU3 Hugh Yates
25%
UK8 Ikenna Ekwonna
25%
US3 Isabel Johnson
25%
US3 Isaiah Harmison
25%
UK7 Jack Barlow
25%
UK8 Jack Keating
25%
UK6 Jade Affleck
25%
AU3 Jade Ashelford
25%
US2 Jalen Noble
25%
UK2 James Khan
25%
US2 James McCool
25%
UK6 Jamie Clayton
25%
UK6 Jamie McCann
25%
US4 Jared Hassim
25%
UK2 Javi Shephard
25%
US3 Javonny Vega
25%
AU1 Jaxon Human
25%
UK8 Jazmine Nichol
25%
US4 Jeff Christian Jr.
25%
US1 Jered Youngblood
25%
US3 Jeremy Hershberg
25%
US4 Jesse Bray
25%
UK1 Jessica Hayes
25%
AU3 Jessica Velkovski
25%
US4 Joel Bierwert
25%
UK1 John Alberti
25%
AU1 John-James Parton
25%
UK1 Jon Clark
25%
UK4 Jordan Adefeyisan
25%
AU2 Jordan Cayless
25%
US4 Jordan Morello
25%
UK9 Jordan Odofin
25%
UK1 Jordan Ring
25%
AU3 Jordan Tilli
25%
UK6 Jordan Waobikeze
25%
US3 Josh Goldstein
25%
UK6 Josh Kempton
25%
UK4 Josh Mair
25%
AU2 Josh Packham
25%
UK1 Josh Ritchie
25%
UK5 Jourdan Riane
25%
US2 Justine Ndiba
25%
AU1 Justin Lacko
25%
UK7 Kaila Troy
25%
UK9 Kain Reed
25%
US4 Katherine Gibson
25%
UK2 Katie Salmon
25%
US1 Katrina Dimaranan
25%
US3 K-Ci Maultby
25%
UK9 Keanan Brand
25%
US1 Kelsey Jurewicz
25%
UK4 Kieran Nicholls
25%
US2 Kierstan Saulter
25%
AU1 Kim Hartnett
25%
US3 Korey Gandy
25%
AU1 Kory Grant
25%
US4 Kyle Fraser
25%
US3 Kyra Lizama
25%
UK8 Lacey Edwards
25%
US2 Lakeyn Call
25%
UK4 Laura Crane
25%
US2 Laurel Goldman
25%
US2 Lauren Coogan
25%
UK1 Lauren Richardson
25%
UK2 Lauren Whiteside
25%
UK9 Layla Al-momani
25%
UK6 Leanne Amaning
25%
US3 Lei-Yen Rapp
25%
US3 Leslie Golden
25%
AU3 Lexy Thornberry
25%
UK2 Liana Isadora Van Riel
25%
UK7 Lucinda Strafford
25%
AU2 Luke Packham
25%
UK9 Lydia Karakyriakou
25%
UK9 Lynda Flix
25%
US2 | US4 Mackenzie Dipman
25%
US4 Maddy McClanahan
25%
UK2 Malia Arkian
25%
UK2 Malin Andersson
25%
US1 Mallory Santic
25%
UK5 Maria Wild
25%
UK3 Marino Katsouris
25%
AU1 Mark O'Dare
25%
US1 Marlisse Tyndall
25%
UK9 Martin Akinola
25%
UK7 Mary Bedford
25%
UK7 Matthew MacNabb
25%
AU2 Matthew Zukowski
25%
AU2 Maurice Salib
25%
UK9 Maxwell Samuda
25%
UK7 Medhy Malanda
25%
US3 Melvin Holland Jr.
25%
US2 Mercedes Schell
25%
US1 Michael Yi
25%
AU3 Michela Louis
25%
US2 Mike Jenkerson
25%
UK3 Mike Thalassitis
25%
AU1 Millie Fuller
25%
AU3 Mitch Hibberd
25%
US2 Moira Tumas
25%
UK8 Mollie Salmon
25%
UK5 Nabila Badda
25%
UK1 Naomi Ball
25%
UK6 Nas Majeed
25%
AU1 Natasha Cherrie
25%
UK3 Nathan Joseph
25%
UK2 Nathan Massey
25%
US4 Nicholas Birchall
25%
AU3 Nicolas Lovee
25%
AU3 Noah Hura
25%
US2 Noah Purvis
25%
UK2 Oliver Maxwell Fernandez
25%
UK7 Oliver Wallis
25%
UK2 Olivia Buckland
25%
UK9 Olivia Hawkins
25%
US3 Olivia Kaiser
25%
UK1 Omar Sultani
25%
UK8 Paige Thorne
25%
US2 Pat Albasha
25%
UK4 Paul Knopps
25%
US4 Phoebe Siegal
25%
AU2 Phoebe Thompson
25%
UK1 Poppy Farnan
25%
UK6 Priscilla Anyabu
25%
UK7 Priya Gopaldas
25%
AU3 Rachael Evren
25%
UK1 Rachel Christie
25%
UK2 Rachel Fenton
25%
UK7 Rachel Finni
25%
US2 Rachel Lundell
25%
US3 Raul Frias
25%
US1 Ray Gantt
25%
UK6 Rebecca Gormley
25%
UK8 Remi Lambert
25%
UK3 Rob Lipsett
25%
AU3 Ronni Krongold
25%
UK9 Rosie Seabrook
25%
US3 Roxy Ahmed
25%
AU3 Ruby Ennor
25%
AU3 Ryan Reid
25%
UK9 Ryan Weekley
25%
AU3 Sadee Sublaban
25%
UK7 Salma Naran
25%
UK7 Sam Jackson
25%
US4 Sam Kornse
25%
UK9 Sammy James
25%
UK8 Samuel Agbiji
25%
AU2 Sam Withers
25%
UK9 Sanam Harrinanan
25%
UK4 Savanna Darnell
25%
US4 Sereniti Springs
25%
UK3 Shannen McGrath
25%
US3 Shannon St. Claire
25%
UK7 Sharon Gaffka
25%
UK6 Shaughna Phillips
25%
AU3 Shayne Tino
25%
AU1 Shelby Bilby
25%
US2 Sher Suarez
25%
UK3 Simon Searles
25%
US3 Slade Parker
25%
UK2 Sophie Gradon
25%
UK6 Sophie Piper
25%
UK9 Spencer Wilks
25%
UK4 Stephanie Lam
25%
UK3 Steve Ball
25%
UK5 Stevie Bradley
25%
US4 Sydney Paight
25%
AU3 Taku Chimwaza
25%
UK9 Tanyel Revan
25%
UK8 Tasha Ghourie
25%
AU1 Tayla Damir
25%
AU3 Tayla Mellington
25%
AU2 Tea Frazer
25%
AU1 Teddy Briggs
25%
UK2 Terry Walsh
25%
US4 Tigerlilly Cooley
25%
US4 Timmy Pandolfi
25%
AU3 Tina Provis
25%
UK2 Tina Stinnes
25%
AU2 Todd Elton
25%
UK2 Tom Powell
25%
UK1 Tony Alberti
25%
US3 Tony Caraballo
25%
UK1 Travis Almond
25%
US2 Tre Forte
25%
US4 Tre Watson
25%
US3 Trina Njoroge
25%
UK2 Troy Frith
25%
UK3 Tyla Carr
25%
US4 Tyler Radziszewski
25%
UK3 Tyne-Lexy Clarson
25%
US4 Valerie Bragg
25%
AU2 Vanessa Joli
25%
UK6 Wallace Wilson
25%
US3 Wes Ogsbury
25%
US1 Weston Richey
25%
US3 Will Moncada
25%
US1 Winston Hines
25%
US1 Yamen Sanders
25%
US1 Zac Mirabelli
25%
UK2 Zara Holland
25%
UK9 Zara Lackenby-Brown
25%
AU3 Zoe Clish
25%
No matching quizzes found
Score Distribution
Percent of People with Each Score
Percentile by Number Answered
Your Score History
You have not taken this quiz since the last reset